| 000 | 00712nam a2200193Ia 4500 | ||
|---|---|---|---|
| 005 | 20250508155745.0 | ||
| 008 | 008 250505s9999 xx 000 0 eng d | ||
| 037 | _aDissertations | ||
| 040 |
_aFEDL _beng _cFEDL |
||
| 041 |
_aeng _2eng |
||
| 084 |
_a371.3, MIS/DI _qFEDL |
||
| 100 |
_aMishra J B _958627 |
||
| 245 | 0 | _aDiagnostic use of assessogram in evaluation of class-room learning: A graphic developmental study of three consecutive lessions in english (Text) given to the students of standard 8th in CIE experimental school, Delhi | |
| 260 | _c1973 | ||
| 300 | _a74p. | ||
| 546 | _aM. Ed. Dissertation (Delhi University) | ||
| 942 |
_cDIS _h371.3, MIS/DI |
||
| 999 |
_c1359147 _d1359147 |
||